| 000 | 00449nam a22001817a 4500 | ||
|---|---|---|---|
| 003 | CEME | ||
| 005 | 20210628203414.0 | ||
| 008 | 210305b xxu||||| |||| 00| 0 eng d | ||
| 020 | _a81-7649-398-8 | ||
| 040 | _c. | ||
| 082 | _a374.22 FRY | ||
| 100 |
_aFry, Ron _965239 |
||
| 245 | _aThe great big book of how to study | ||
| 260 |
_aNEW DELHI _bISLAMIC PUBLICATIONS _c2003 |
||
| 300 | _a445P | ||
| 650 |
_aHOW TO STUDY _965240 |
||
| 942 |
_cBK _2ddc |
||
| 999 |
_c573512 _d573512 |
||